[Event "Piestany op"]
[Site "Piestany"]
[Date "2009.07.31"]
[Round "7"]
[White "Miciak, Emanuel"]
[Black "Cepela, Vladimir"]
[Result "1-0"]
[WhiteElo "1996"]
[BlackElo "1790"]
[PlyCount "67"]
[EventDate "2009.07.26"]
[EventType "swiss"]
[EventRounds "7"]
[EventCountry "SVK"]
[SourceTitle "EXT 2010"]
[Source "ChessBase"]
[SourceDate "2010.11.25"]
[SourceVersion "1"]
[SourceVersionDate "2010.11.25"]
[SourceQuality "1"]

1. d4 d5 2. Nf3 Nc6 3. Bf4 e6 4. e3 Bd6 5. c3 h6 6. Bd3 Nf6 7. Nbd2 0-0 8. Ne5 Ne7 9. 0-0 Nf5 10. Rc1 b6 11. c4 a5 12. Bb1 Bb7 13. Qc2 c5 14. Ndf3 Qe7 15. g4 Bxe5 16. Nxe5 g5 17. Bxg5 hxg5 18. gxf5 dxc4 19. Qxc4 Ba6 20. Qc2 Bxf1 21. Rxf1 cxd4 22. exd4 Rac8 23. Qd3 Rfd8 24. f3 Qd6 25. Rd1 Rc7 26. Qe3 Nh7 27. f6 Qf8 28. Kh1 Qh6 29. Ng4 Qh4 30. Rg1 Rc4 31. Rd1 Nf8 32. Kg2 Ng6 33. Bxg6 fxg6 34. Qxe6+ 1-0

[Event "Piestany op"]
[Site "Piestany"]
[Date "2009.07.28"]
[Round "4"]
[White "Cepela, Vladimir"]
[Black "Feranec, Milan"]
[Result "0-1"]
[WhiteElo "1790"]
[BlackElo "1830"]
[PlyCount "123"]
[EventDate "2009.07.26"]
[EventType "swiss"]
[EventRounds "7"]
[EventCountry "SVK"]
[SourceTitle "EXT 2010"]
[Source "ChessBase"]
[SourceDate "2010.11.25"]
[SourceVersion "1"]
[SourceVersionDate "2010.11.25"]
[SourceQuality "1"]

1. e4 e6 2. d4 d5 3. exd5 exd5 4. c4 Nf6 5. Bg5 Be7 6. Nf3 Be6 7. cxd5 Qxd5 8. Nc3 Qd8 9. Be2 c6 10. 0-0 0-0 11. h3 b5 12. a3 a6 13. Qc2 h6 14. Be3 Nbd7 15. Bd3 Rc8 16. Qd2 Nd5 17. Bxh6 c5 18. Be3 c4 19. Be4 N7f6 20. Bxd5 Nxd5 21. Bg5 Nf6 22. Rad1 Bf5 23. Bxf6 Bxf6 24. Ne5 Bg5 25. f4 Bh4 26. Kh2 Be7 27. Ne2 f6 28. Nf3 Bd3 29. Ne1 Bh7 30. f5 Kh8 31. Qc2 Bd6+ 32. Kh1 Re8 33. Nf4 Bb8 34. Ng6+ Kg8 35. Nf3 Qd6 36. Qd2 Re4 37. Rfe1 Rce8 38. Rxe4 Rxe4 39. Re1 Rxe1+ 40. Qxe1 Qd7 41. Nfh4 Bd6 42. Qe6+ Qxe6 43. fxe6 Bxg6 44. Nxg6 a5 45. Nh4 Kf8 46. Nf3 b4 47. a4 Bf4 48. d5 Ke8 49. Nd4 g6 50. Nb5 Ke7 51. Kg1 Be5 52. Kf1 Bxb2 53. Ke2 Be5 54. Kd1 b3 55. Kd2 g5 56. g3 f5 57. Nc3 Bxg3 58. Nb1 Be5 59. Nc3 b2 60. Nb1 Kd6 61. Kc2 Bf6 62. Kd1 0-1

[Event "SVK-ch Seniors"]
[Site "Tatranske Matliare"]
[Date "2008.06.08"]
[Round "1"]
[White "Lesny, Stefan"]
[Black "Cepela, Vladimir"]
[Result "1-0"]
[WhiteElo "2101"]
[BlackElo "1832"]
[PlyCount "81"]
[EventDate "2008.06.08"]
[EventType "swiss"]
[EventRounds "9"]
[EventCountry "SVK"]
[SourceTitle "EXT 2009"]
[Source "ChessBase"]
[SourceDate "2008.11.26"]
[SourceVersion "1"]
[SourceVersionDate "2008.11.26"]
[SourceQuality "1"]

1. e4 e5 2. Nf3 Nc6 3. Bc4 Bc5 4. c3 Nf6 5. d3 h6 6. Nbd2 a6 7. 0-0 0-0 8. h3 d5 9. exd5 Nxd5 10. Ne4 Ba7 11. Re1 Re8 12. Ng3 Nf4 13. d4 Ng6 14. d5 Na5 15. Bf1 b5 16. b3 Nb7 17. Be3 Bxe3 18. fxe3 f5 19. e4 f4 20. Nh1 Nh4 21. a4 Nxf3+ 22. Qxf3 bxa4 23. Rxa4 Nd6 24. Nf2 Bb7 25. c4 Nf7 26. c5 Ng5 27. Qc3 Qf6 28. Be2 Bc8 29. Bf3 Qg6 30. Kf1 Nxf3 31. Qxf3 a5 32. Rea1 Ba6+ 33. Kg1 Reb8 34. Rxa5 Qg3 35. Nh1 Qxf3 36. gxf3 Bb7 37. Rxa8 Bxa8 38. c6 Kh7 39. Kg2 Bxc6 40. dxc6 Rxb3 41. Ra7 1-0

[Event "SVK-ch17 corr"]
[Site "Slovakia"]
[Date "2003.??.??"]
[Round "?"]
[White "Cepela, Vladimir"]
[Black "Fenes, Ladislav"]
[Result "1/2-1/2"]
[WhiteElo "2442"]
[BlackElo "2398"]
[PlyCount "52"]
[EventDate "2003.02.10"]
[EventType "tourn (corr)"]
[EventRounds "14"]
[EventCountry "SVK"]
[EventCategory "5"]
[SourceTitle "Corr 2004"]
[Source "ChessBase"]
[SourceDate "2003.04.28"]
[SourceVersion "3"]
[SourceVersionDate "2003.04.28"]
[SourceQuality "1"]

1. e4 c5 2. Nf3 d6 3. d4 cxd4 4. Nxd4 Nf6 5. Nc3 a6 6. Be3 Ng4 7. Bg5 h6 8. Bh4 g5 9. Bg3 Bg7 10. Bc4 Nc6 11. Nxc6 bxc6 12. h4 Qa5 13. Qf3 Rf8 14. Bb3 Ne5 15. Qe2 gxh4 16. Bxh4 Ng6 17. Qf3 h5 18. Qe3 Bg4 19. f3 Nxh4 20. Rxh4 Bf6 21. Rh2 Bg5 22. Qf2 Bd7 23. g3 Rg8 24. Rd1 Bf6 25. Rd3 Rb8 26. Qa7 Qb6 1/2-1/2

[Event "SVK-ch17 corr"]
[Site "Slovakia"]
[Date "2003.??.??"]
[Round "?"]
[White "Cepela, Vladimir"]
[Black "Sedlacek, Pavol"]
[Result "1-0"]
[WhiteElo "2442"]
[BlackElo "2432"]
[PlyCount "87"]
[EventDate "2003.02.10"]
[EventType "tourn (corr)"]
[EventRounds "14"]
[EventCountry "SVK"]
[EventCategory "5"]
[SourceTitle "Corr 2008"]
[Source "ChessBase"]
[SourceDate "2008.06.24"]
[SourceVersion "1"]
[SourceVersionDate "2008.06.24"]
[SourceQuality "1"]

1. e4 e5 2. Nf3 d6 3. d4 exd4 4. Qxd4 Nf6 5. Bg5 Be7 6. Nc3 0-0 7. 0-0-0 Nc6 8. Qd2 Be6 9. h3 a6 10. Bd3 Ne5 11. Nd4 Nxd3+ 12. Qxd3 h6 13. Bh4 Nd7 14. Bxe7 Qxe7 15. f4 Nb6 16. g4 Rad8 17. Rhg1 Qh4 18. Qf3 g6 19. g5 h5 20. f5 Bc8 21. Kb1 d5 22. exd5 c5 23. Nb3 Bxf5 24. Nxc5 Qb4 25. N3e4 Rc8 26. a3 Qc4 27. b3 Bxe4 28. Nxe4 Qxc2+ 29. Ka1 Qh2 30. Nf6+ Kh8 31. Rg2 Qd6 32. Ka2 Nd7 33. Ne4 Qe5 34. Re2 Rcd8 35. d6 Kg7 36. h4 Rfe8 37. Ng3 Qc5 38. Rf2 Rf8 39. Ne4 Qc6 40. Qf4 Rde8 41. Nf6 Re6 42. Kb2 Nxf6 43. gxf6+ Kh7 44. d7 1-0

[Event "SVK-ch17 corr"]
[Site "Slovakia"]
[Date "2003.??.??"]
[Round "?"]
[White "Filipek, Jozef"]
[Black "Cepela, Vladimir"]
[Result "0-1"]
[WhiteElo "2370"]
[BlackElo "2442"]
[PlyCount "80"]
[EventDate "2003.02.10"]
[EventType "tourn (corr)"]
[EventRounds "14"]
[EventCountry "SVK"]
[EventCategory "5"]
[SourceTitle "Corr 2008"]
[Source "ChessBase"]
[SourceDate "2008.06.24"]
[SourceVersion "1"]
[SourceVersionDate "2008.06.24"]
[SourceQuality "1"]

1. e4 e5 2. Nf3 Nc6 3. Bb5 Bc5 4. 0-0 Nd4 5. Nxd4 Bxd4 6. c3 Bb6 7. d4 c6 8. Ba4 d6 9. Na3 Nf6 10. Bg5 h6 11. Bxf6 Qxf6 12. d5 Bd7 13. Nc4 Bc7 14. dxc6 bxc6 15. Qd3 0-0 16. Rad1 Rfd8 17. Ne3 Qf4 18. Rd2 Bb6 19. Rfd1 Bxe3 20. fxe3 Qh4 21. Rf1 Be8 22. Bb3 Rab8 23. Rdf2 a5 24. Qc2 Rb7 25. Qd3 Rbb8 26. Bxf7+ Bxf7 27. Rxf7 Rxb2 28. Qc4 d5 29. Qxc6 Qg5 30. g3 Qxe3+ 31. R1f2 Rxf2 32. Rxf2 Qe1+ 33. Rf1 Qxe4 34. Qe6+ Kh8 35. Qb6 Rc8 36. Qxa5 d4 37. Qb4 Rxc3 38. Qf8+ Kh7 39. Qf5+ Qxf5 40. Rxf5 e4 0-1

[Event "SVK-chT 5th B01 corr"]
[Site "Slovakia"]
[Date "2002.02.15"]
[Round "?"]
[White "Cepela, Vladimir"]
[Black "Korbela, Lubomir"]
[Result "1-0"]
[WhiteElo "2448"]
[BlackElo "2345"]
[PlyCount "41"]
[EventDate "2002.02.15"]
[EventType "team (corr)"]
[EventRounds "14"]
[EventCountry "SVK"]
[SourceTitle "Corr 2004"]
[Source "ChessBase"]
[SourceDate "2003.04.28"]
[SourceVersion "3"]
[SourceVersionDate "2003.04.28"]
[SourceQuality "1"]

1. e4 d6 2. d4 Nf6 3. Nc3 g6 4. Be3 Bg7 5. Qd2 Ng4 6. Bg5 h6 7. Bh4 c6 8. h3 Nf6 9. f4 b5 10. Bd3 Nh5 11. Nce2 Bf6 12. Bf2 e5 13. fxe5 dxe5 14. Nf3 Nd7 15. Qc3 exd4 16. Qxc6 Rb8 17. Qd6 Qa5+ 18. Kf1 a6 19. Nexd4 Be7 20. Qxe7+ Kxe7 21. Nc6+ 1-0

[Event "SVK-chT 5th B01 corr"]
[Site "Slovakia"]
[Date "2002.02.15"]
[Round "?"]
[White "Kolcak, Marek"]
[Black "Cepela, Vladimir"]
[Result "1/2-1/2"]
[WhiteElo "2540"]
[BlackElo "2448"]
[PlyCount "36"]
[EventDate "2002.02.15"]
[EventType "team (corr)"]
[EventRounds "14"]
[EventCountry "SVK"]
[SourceTitle "Corr 2004"]
[Source "ChessBase"]
[SourceDate "2003.04.28"]
[SourceVersion "3"]
[SourceVersionDate "2003.04.28"]
[SourceQuality "1"]

1. e4 e5 2. Nf3 Nc6 3. Bb5 a6 4. Bxc6 dxc6 5. 0-0 Bg4 6. h3 h5 7. d3 Qf6 8. Nbd2 g5 9. d4 exd4 10. Nb3 Bxf3 11. Qxf3 Qxf3 12. gxf3 c5 13. Bxg5 b6 14. Rad1 Ne7 15. Kh1 Nc6 16. Nc1 Rg8 17. Rg1 Be7 18. f4 Kd7 1/2-1/2

[Event "SVK-chT 5th B01 corr"]
[Site "Slovakia"]
[Date "2002.02.15"]
[Round "?"]
[White "Marek, Stanislav"]
[Black "Cepela, Vladimir"]
[Result "1/2-1/2"]
[WhiteElo "2393"]
[BlackElo "2448"]
[PlyCount "42"]
[EventDate "2002.02.15"]
[EventType "team (corr)"]
[EventRounds "14"]
[EventCountry "SVK"]
[SourceTitle "Corr 2004"]
[Source "ChessBase"]
[SourceDate "2003.04.28"]
[SourceVersion "3"]
[SourceVersionDate "2003.04.28"]
[SourceQuality "1"]

1. e4 e5 2. Nf3 Nf6 3. Nc3 Nc6 4. Bb5 Nd4 5. Ba4 c6 6. 0-0 Qa5 7. Re1 d6 8. h3 b5 9. Bb3 Nxb3 10. cxb3 b4 11. Ne2 c5 12. d3 Be7 13. Nd2 Qc7 14. Ng3 Be6 15. Nc4 0-0 16. Qf3 Qd7 17. Nf5 Bxf5 18. exf5 h6 19. Bd2 Rfe8 20. Rac1 d5 21. Nxe5 Qb5 1/2-1/2

[Event "SVK-ch 16th corr"]
[Site "Slovakia"]
[Date "2001.08.16"]
[Round "?"]
[White "Cepela, Vladimir"]
[Black "Maros, Milan"]
[Result "1/2-1/2"]
[WhiteElo "2427"]
[BlackElo "2362"]
[PlyCount "36"]
[EventDate "2001.??.??"]
[EventType "tourn (corr)"]
[EventRounds "14"]
[EventCountry "SVK"]
[EventCategory "5"]
[SourceTitle "Corr 2004"]
[Source "ChessBase"]
[SourceDate "2003.04.28"]
[SourceVersion "3"]
[SourceVersionDate "2003.04.28"]
[SourceQuality "1"]

1. c4 c6 2. d4 d5 3. Nf3 Nf6 4. Nc3 e6 5. e3 Nbd7 6. Qc2 Bd6 7. Bd3 0-0 8. 0-0 dxc4 9. Bxc4 a6 10. Rd1 b5 11. Be2 Qc7 12. Ne4 Nxe4 13. Qxe4 e5 14. Qh4 Re8 15. Bd3 h6 16. Bc2 Be7 17. Qg3 Bd6 18. Qh4 Be7 1/2-1/2

[Event "SVK-ch 16th corr"]
[Site "Slovakia"]
[Date "2001.??.??"]
[Round "?"]
[White "Csjernyik, Jan"]
[Black "Cepela, Vladimir"]
[Result "1/2-1/2"]
[WhiteElo "2300"]
[BlackElo "2427"]
[PlyCount "70"]
[EventDate "2001.??.??"]
[EventType "tourn (corr)"]
[EventRounds "14"]
[EventCountry "SVK"]
[EventCategory "5"]
[SourceTitle "Corr 2004"]
[Source "ChessBase"]
[SourceDate "2003.04.28"]
[SourceVersion "3"]
[SourceVersionDate "2003.04.28"]
[SourceQuality "1"]

1. e4 e5 2. Nf3 Nc6 3. Bb5 Bc5 4. 0-0 Nf6 5. c3 0-0 6. d4 Bb6 7. Bg5 h6 8. Bh4 d6 9. Bxc6 bxc6 10. dxe5 dxe5 11. Nbd2 Re8 12. Qc2 Bg4 13. c4 Bxf3 14. Nxf3 Bd4 15. c5 Rb8 16. Rab1 g5 17. Bg3 Nh5 18. Rfd1 Nxg3 19. hxg3 Qf6 20. b4 Red8 21. a4 Rd7 22. Qe2 Rbd8 23. Rdc1 Qg6 24. g4 Kg7 25. Nh2 Qf6 26. Nf1 Qf4 27. Rc2 Kh8 28. Kh1 h5 29. gxh5 g4 30. Ng3 f5 31. Nxf5 Bxf2 32. g3 Bxg3 33. Nxg3 Qxg3 34. Rf1 Rd4 35. Qf2 Qxf2 1/2-1/2

[Event "SVK-ch 16th corr"]
[Site "Slovakia"]
[Date "2001.??.??"]
[Round "?"]
[White "Marek, Stanislav"]
[Black "Cepela, Vladimir"]
[Result "1/2-1/2"]
[WhiteElo "2390"]
[BlackElo "2427"]
[PlyCount "69"]
[EventDate "2001.??.??"]
[EventType "tourn (corr)"]
[EventRounds "14"]
[EventCountry "SVK"]
[EventCategory "5"]
[SourceTitle "Corr 2004"]
[Source "ChessBase"]
[SourceDate "2003.04.28"]
[SourceVersion "3"]
[SourceVersionDate "2003.04.28"]
[SourceQuality "1"]

1. d4 Nf6 2. c4 g6 3. Nc3 d5 4. Nf3 Bg7 5. Qb3 dxc4 6. Qxc4 0-0 7. e4 a6 8. e5 b5 9. Qb3 Nfd7 10. Be3 c5 11. e6 cxd4 12. exf7+ Rxf7 13. Bxd4 Bxd4 14. Nxd4 Nc5 15. Qd5 Qxd5 16. Nxd5 Nbd7 17. Be2 Bb7 18. Ne3 Na4 19. b3 Nc3 20. Bg4 e5 21. Ne2 Nxe2 22. Bxe2 Nc5 23. 0-0 Ne6 24. Rfe1 h5 25. a4 Nd4 26. axb5 axb5 27. Rxa8+ Bxa8 28. Bd3 Kg7 29. Nc2 Nxc2 30. Bxc2 Rc7 31. Bd3 Bd5 32. Bxb5 Bxb3 33. h4 Rc5 34. Bd3 Kf6 35. Ra1 1/2-1/2

[Event "SVK-ch 16th corr"]
[Site "Slovakia"]
[Date "2001.??.??"]
[Round "?"]
[White "Sedlacek, Pavol"]
[Black "Cepela, Vladimir"]
[Result "0-1"]
[WhiteElo "2417"]
[BlackElo "2427"]
[PlyCount "62"]
[EventDate "2001.??.??"]
[EventType "tourn (corr)"]
[EventRounds "14"]
[EventCountry "SVK"]
[EventCategory "5"]
[SourceTitle "Corr 2004"]
[Source "ChessBase"]
[SourceDate "2003.04.28"]
[SourceVersion "3"]
[SourceVersionDate "2003.04.28"]
[SourceQuality "1"]

1. c4 e5 2. Nc3 Nf6 3. Nf3 Nc6 4. g3 Bb4 5. Bg2 0-0 6. 0-0 e4 7. Ng5 Bxc3 8. bxc3 Re8 9. f3 e3 10. dxe3 b6 11. e4 h6 12. Nxf7 Kxf7 13. f4 Kg8 14. e5 Nh7 15. f5 Qe7 16. f6 gxf6 17. Bd5+ Kh8 18. exf6 Nxf6 19. Bxh6 Nxd5 20. cxd5 Ne5 21. Rf5 Qh7 22. Rh5 Qg6 23. Rh4 Kg8 24. Be3 c5 25. Qd2 d6 26. Rf1 Nf7 27. c4 Bf5 28. Rhf4 Re5 29. R4f3 Rae8 30. Qc3 R8e7 31. Bd2 Bh3 0-1

[Event "SVK-ch 16th corr"]
[Site "Slovakia"]
[Date "2001.??.??"]
[Round "?"]
[White "Stec, Juraj"]
[Black "Cepela, Vladimir"]
[Result "1/2-1/2"]
[WhiteElo "2346"]
[BlackElo "2427"]
[PlyCount "74"]
[EventDate "2001.??.??"]
[EventType "tourn (corr)"]
[EventRounds "14"]
[EventCountry "SVK"]
[EventCategory "5"]
[SourceTitle "Corr 2004"]
[Source "ChessBase"]
[SourceDate "2003.04.28"]
[SourceVersion "3"]
[SourceVersionDate "2003.04.28"]
[SourceQuality "1"]

1. e4 e5 2. Nf3 Nc6 3. Bb5 Bc5 4. c3 Nf6 5. 0-0 0-0 6. d4 Bb6 7. Bg5 h6 8. Bh4 d6 9. a4 a5 10. Re1 Qe7 11. Na3 exd4 12. Bxc6 bxc6 13. Nxd4 g5 14. Bg3 Bg4 15. Qc2 c5 16. Nf5 Bxf5 17. exf5 Qd7 18. Nc4 Rab8 19. Rad1 Rfe8 20. Rxe8+ Rxe8 21. f3 d5 22. Be5 Nh5 23. Qd3 f6 24. Bg3 Nxg3 25. hxg3 Rd8 26. b3 Qc8 27. f4 g4 28. Nxb6 cxb6 29. Re1 c4 30. Qd1 h5 31. Re6 cxb3 32. Qxb3 Rd6 33. Qb5 Rxe6 34. Qxd5 Qc5+ 35. Qxc5 Re1+ 36. Kf2 bxc5 37. Kxe1 Kf7 1/2-1/2

[Event "SVK-ch15 corr"]
[Site "Slovakia"]
[Date "2000.??.??"]
[Round "?"]
[White "Cepela, Vladimir"]
[Black "Kaniansky, Miroslav"]
[Result "1/2-1/2"]
[WhiteElo "2238"]
[BlackElo "2206"]
[PlyCount "107"]
[EventDate "2000.??.??"]
[EventType "tourn (corr)"]
[EventRounds "14"]
[EventCountry "SVK"]
[EventCategory "4"]
[SourceTitle "Corr 2002"]
[Source "ChessBase"]
[SourceDate "2002.05.23"]
[SourceVersion "1"]
[SourceVersionDate "2002.05.23"]
[SourceQuality "1"]

1. c4 Nf6 2. Nc3 g6 3. d4 Bg7 4. e4 d6 5. f3 0-0 6. Be3 Nc6 7. Nge2 a6 8. Qd2 Rb8 9. h4 h5 10. Bh6 b5 11. Bxg7 Kxg7 12. 0-0-0 Na5 13. c5 Nc4 14. Qg5 b4 15. Nb1 Nh7 16. Qf4 e5 17. dxe5 Nxe5 18. Nd4 Qe7 19. cxd6 cxd6 20. Nd2 a5 21. Kb1 a4 22. Nc4 Rd8 23. Ne3 Qf6 24. Qxf6+ Nxf6 25. Bb5 Bd7 26. Bxd7 Rxd7 27. Rd2 Kf8 28. Ne2 d5 29. Nxd5 Nxd5 30. Rxd5 Rxd5 31. exd5 Nc4 32. Rc1 Ne3 33. Nf4 b3 34. axb3 axb3 35. Rc7 Nf5 36. g4 hxg4 37. fxg4 Nxh4 38. d6 Rd8 39. Rc6 Nf3 40. Nd3 Nd2+ 41. Kc1 Ne4 42. Rb6 Rxd6 43. Rxb3 Rd4 44. Kc2 Rc4+ 45. Kd1 Nf6 46. Rb8+ Kg7 47. g5 Nh7 48. b4 Nxg5 49. b5 Rc3 50. Nc1 Ne4 51. b6 Nd6 52. Na2 Re3 53. Rc8 Rb3 54. Rc6 1/2-1/2

[Event "SVK-ch15 corr"]
[Site "Slovakia"]
[Date "2000.??.??"]
[Round "?"]
[White "Cepela, Vladimir"]
[Black "Kubis, Ivan"]
[Result "1-0"]
[WhiteElo "2238"]
[BlackElo "2377"]
[PlyCount "57"]
[EventDate "2000.??.??"]
[EventType "tourn (corr)"]
[EventRounds "14"]
[EventCountry "SVK"]
[EventCategory "4"]
[SourceTitle "Corr 2002"]
[Source "ChessBase"]
[SourceDate "2002.05.23"]
[SourceVersion "1"]
[SourceVersionDate "2002.05.23"]
[SourceQuality "1"]

1. c4 e5 2. Nc3 Nf6 3. Nf3 Nc6 4. a3 g6 5. g3 Bg7 6. Bg2 0-0 7. 0-0 Re8 8. d3 h6 9. e4 d6 10. b4 Bg4 11. h3 Bxf3 12. Bxf3 Nh7 13. Be3 Ng5 14. Bg2 Ne6 15. Qd2 g5 16. Rab1 Rf8 17. Ne2 Qe7 18. f4 f6 19. f5 Ned8 20. b5 Nb8 21. Nc3 Nf7 22. Nd5 Qd8 23. Rfc1 b6 24. Bf3 c5 25. Qd1 Qd7 26. Ra1 Qb7 27. Bh5 a5 28. Bg6 Nh8 29. Qh5 1-0

[Event "SVK-ch15 corr"]
[Site "Slovakia"]
[Date "2000.??.??"]
[Round "?"]
[White "Cepela, Vladimir"]
[Black "Vaclav, Juraj"]
[Result "1/2-1/2"]
[WhiteElo "2238"]
[BlackElo "2297"]
[PlyCount "75"]
[EventDate "2000.??.??"]
[EventType "tourn (corr)"]
[EventRounds "14"]
[EventCountry "SVK"]
[EventCategory "4"]
[SourceTitle "Corr 2002"]
[Source "ChessBase"]
[SourceDate "2002.05.23"]
[SourceVersion "1"]
[SourceVersionDate "2002.05.23"]
[SourceQuality "1"]

1. c4 Nf6 2. Nc3 g6 3. d4 Bg7 4. e4 d6 5. f3 0-0 6. Be3 e5 7. Nge2 c6 8. Qd2 Nbd7 9. 0-0-0 a6 10. Kb1 b5 11. Nc1 exd4 12. Bxd4 Re8 13. Bxf6 Bxf6 14. Qxd6 Qb6 15. Nb3 bxc4 16. Bxc4 Bxc3 17. bxc3 Ne5 18. Rd4 a5 19. Ka1 Ba6 20. Bxa6 Qxa6 21. Rb1 Rab8 22. Ra4 Rbd8 23. Qa3 Nc4 24. Qc5 Nd2 25. Nxd2 Rxd2 26. Rxa5 Qe2 27. Qxc6 Red8 28. f4 R2d6 29. Qa4 Rd1 30. Rab5 Rxb1+ 31. Rxb1 Qxg2 32. f5 Qxh2 33. fxg6 hxg6 34. Qc4 Qh3 35. Rg1 Kg7 36. Rf1 Rd7 37. Re1 Rd2 38. Rc1 1/2-1/2

[Event "SVK-ch15 corr"]
[Site "Slovakia"]
[Date "2000.??.??"]
[Round "?"]
[White "Kovari, Gabriel"]
[Black "Cepela, Vladimir"]
[Result "1/2-1/2"]
[WhiteElo "2431"]
[BlackElo "2238"]
[PlyCount "91"]
[EventDate "2000.??.??"]
[EventType "tourn (corr)"]
[EventRounds "14"]
[EventCountry "SVK"]
[EventCategory "4"]
[SourceTitle "Corr 2002"]
[Source "ChessBase"]
[SourceDate "2002.05.23"]
[SourceVersion "1"]
[SourceVersionDate "2002.05.23"]
[SourceQuality "1"]

1. Nf3 d5 2. b3 Bf5 3. Bb2 e6 4. g3 Nf6 5. Bg2 h6 6. 0-0 Be7 7. c4 0-0 8. d4 Nbd7 9. Nbd2 c6 10. Ne5 Re8 11. a3 Nxe5 12. dxe5 Ne4 13. Nxe4 Bxe4 14. Bxe4 dxe4 15. Qc2 Qb6 16. Kg2 Rad8 17. Rad1 a5 18. Bc1 Bc5 19. e3 Rxd1 20. Rxd1 Rd8 21. h4 Rxd1 22. Qxd1 h5 23. Bb2 Be7 24. Bd4 Qd8 25. Qc2 Bxa3 26. Qxe4 Bb4 27. c5 Qd5 28. Qxd5 cxd5 29. Kf3 Kf8 30. Kf4 Ke7 31. Kg5 Kd7 32. Kxh5 Kc6 33. g4 Bxc5 34. Bc3 Bb6 35. g5 g6+ 36. Kh6 Kd7 37. Kh7 Bc7 38. Kh6 b5 39. h5 gxh5 40. Kxh5 a4 41. bxa4 bxa4 42. g6 fxg6+ 43. Kxg6 a3 44. Kf7 a2 45. f4 Bd8 46. Bb2 1/2-1/2